Latín I : (Record no. 63781)

MARC details
000 -LEADER
campo de control de longitud fija 00774nmm a2200229Ia 4500
008 - DATOS DE LONGITUD FIJA--INFORMACIÓN GENERAL
campo de control de longitud fija 251105s9999||||xx |||||||||||||||||und||
041 ## - CÓDIGO DE IDIOMA
Código de lengua del texto/banda sonora o título independiente spa
100 ## - ENTRADA PRINCIPAL--NOMBRE DE PERSONA
Nombre de persona Castilla López, María Ángeles
245 #0 - MENCIÓN DEL TÍTULO
Título Latín I :
Resto del título 1º Bachillerato
264 ## - PRODUCCIÓN, PUBLICACIÓN, DISTRIBUCIÓN, FABRICACIÓN Y COPYRIGHT
Producción, publicación, distribución, fabricación y copyright [Madrid, España] :
Nombre del de productor, editor, distribuidor, fabricante Ministerio de Educación, Cultura y Deporte de España,
Fecha de producción, publicación, distribución, fabricación o copyright 2010
300 ## - DESCRIPCIÓN FÍSICA
Extensión 364 páginas
490 ## - MENCIÓN DE SERIE
Mención de serie Bachillerato a distancia
650 ## - PUNTO DE ACCESO ADICIONAL DE MATERIA--TÉRMINO DE MATERIA
Término de materia o nombre geográfico como elemento de entrada Teen & Young Adult Non Fiction
700 ## - ENTRADA AGREGADA--NOMBRE PERSONAL
Nombre de persona Castilla López, María Ángeles
700 1# - ENTRADA AGREGADA--NOMBRE PERSONAL
Nombre de persona Cuadrado Ramos, Elena
700 1# - ENTRADA AGREGADA--NOMBRE PERSONAL
Nombre de persona Jiménez Gazapo, Pilar
700 1# - ENTRADA AGREGADA--NOMBRE PERSONAL
Nombre de persona Martínez Yagüe, Mariano
700 1# - ENTRADA AGREGADA--NOMBRE PERSONAL
Nombre de persona Morillas Gómez, María Mercedes
700 1# - ENTRADA AGREGADA--NOMBRE PERSONAL
Nombre de persona Morillo Ruiz,
856 ## - LOCALIZACIÓN Y ACCESO ELECTRÓNICOS
Identificador Uniforme de Recursos <a href="https://public.digitaliapublishing.com/a/14751">https://public.digitaliapublishing.com/a/14751</a>
942 ## - ELEMENTOS DE ENTRADA SECUNDARIOS (KOHA)
Tipo de ítem Koha Libro Digital

No items available.

Powered by Koha